| 000 | 08482cam a22020174i 4500 | ||
|---|---|---|---|
| 003 | PE-LiUPU | ||
| 005 | 20250813165816.0 | ||
| 008 | 150706s2010 mx r 000 0 spa d | ||
| 020 | _a6071503507 | ||
| 020 | _a9786071503503 | ||
| 035 | _a(Sirsi) i9786071503503 | ||
| 040 |
_aPE-LiUPU _bspa _cPE-LiUPU _dPE-LiUPU _erda |
||
| 049 | _aPRUA | ||
| 082 | 0 | 4 |
_a618.97 _bG3 _221 |
| 245 | 0 | 0 |
_aGerontología y nutrición del adulto mayor / _ceditor, Luis Miguel Gutiérrez Robledo. |
| 264 | 1 |
_aMéxico : _bMcGraw-Hill Interamericana, _c2010. |
|
| 300 |
_a411 páginas ; _c23 centímetros |
||
| 336 |
_atext _2rdacontent |
||
| 337 |
_aunmediated _2rdamedia |
||
| 338 |
_avolume _2rdacarrier |
||
| 505 | 0 | _aAspectos demográficos y sociales del adulto mayor -- Maltrato en el adulto mayor -- Promoción de salud y medicina preventiva en las personas adultas mayores -- Envejecimiento demográfico en México. Principales causas y características -- Inseguridad alimentaria en los adultos mayores -- Calidad de vida en el adulto mayor -- Aspectos psicológicos y cognitivos del adulto mayor -- Síndrome confusional agudo -- Depresión en la tercera edad -- Trastornos del sueño -- Manejo de síntomas psicológicos y conductuales asociados a demencia -- -Evaluación diagnóstica y rehabilitación del adulto mayor -- Cuidadores -- Evaluación geriátrica -- -Rehabilitación geriátrica -- Incontinencia urinaria -- Inflamación y nutrición: su relación con la composición corporal en el anciano frágil -- Uso apropiado de medicamentos en el anciano -- Síndrome de fragilidad en el adulto mayor -- -Constipación en el anciano -- Enfermedad de Parkinson -- Nutriología del adulto mayor -- Repercusiones de salud bucal en la nutrición del anciano -- La nutrición del adulto mayor -- Cambios en la composición corporal y técnicas para su evaluación en el adulto mayor -- Nutrición en el adulto mayor -- Nutrición y función en el adulto mayor -- Nutrición y neuroprotección -- Desnutrición en los adultos mayores -- La nutrición en enfermedades -- neurodegenerativas -- Síndrome metabólico y nutrición -- Parámetros antropométricos del adulto mayor -- Actividad física y salud del adulto mayor -- El impacto de la actividad física en el adulto mayor -- Tanatología y final de la vida en el adulto mayor -- Acompañamiento integral del enfermo terminal -- Aspectos espirituales y religiosos del duelo -- El Desafío de la eutanasia -- Gerencia de instituciones que dan servicios al adulto mayor -- Gerencia de instituciones sociales para personas mayores. | |
| 526 | _aP203 | ||
| 526 | _aP200 | ||
| 526 | _aSEG65 | ||
| 526 | _aSEG64 | ||
| 526 | _aSEG63 | ||
| 526 | _aSEG62 | ||
| 526 | _aSEG61 | ||
| 526 | _aSEG60 | ||
| 526 | _aSEG59 | ||
| 526 | _aSEG58 | ||
| 526 | _aSEG57 | ||
| 526 | _aSEG56 | ||
| 526 | _aSEG55 | ||
| 526 | _aSEG54 | ||
| 526 | _aSEG53 | ||
| 526 | _aSEG52 | ||
| 526 | _aSEG51 | ||
| 526 | _aSEG50 | ||
| 526 | _aSEG49 | ||
| 526 | _aSEG48 | ||
| 526 | _aSEG47 | ||
| 526 | _aSEG46 | ||
| 526 | _aSEG24 | ||
| 526 | _aSEG23 | ||
| 526 | _aSEG22 | ||
| 526 | _aSEG21 | ||
| 526 | _aSEG20 | ||
| 526 | _aSEG19 | ||
| 526 | _aSEG18 | ||
| 526 | _aSEG17 | ||
| 526 | _aSEG16 | ||
| 526 | _aSEG14 | ||
| 526 | _aSEG13 | ||
| 526 | _aSEG12 | ||
| 526 | _aSEG11 | ||
| 526 | _aSEG10 | ||
| 526 | _aSEG09 | ||
| 526 | _aSEG06 | ||
| 526 | _aSEG05 | ||
| 526 | _aSEG04 | ||
| 526 | _aSEG03 | ||
| 526 | _aSEG02 | ||
| 526 | _aSEG68 | ||
| 526 | _aSEG66 | ||
| 526 | _aSEG45 | ||
| 526 | _aSEG25 | ||
| 526 | _aSEG01 | ||
| 526 | _aP163 | ||
| 526 | _aP162 | ||
| 526 | _aP161 | ||
| 526 | _aP160 | ||
| 526 | _aP159 | ||
| 526 | _aP158 | ||
| 526 | _aP157 | ||
| 526 | _aP156 | ||
| 526 | _aP155 | ||
| 526 | _aP154 | ||
| 526 | _aP153 | ||
| 526 | _aP152 | ||
| 526 | _aP151 | ||
| 526 | _aP150 | ||
| 526 | _aP149 | ||
| 526 | _aP142 | ||
| 526 | _aP141 | ||
| 526 | _aP140 | ||
| 526 | _aP139 | ||
| 526 | _aP138 | ||
| 526 | _aP137 | ||
| 526 | _aP132 | ||
| 526 | _aP131 | ||
| 526 | _aP130 | ||
| 526 | _aP126 | ||
| 526 | _aP125 | ||
| 526 | _aP124 | ||
| 526 | _aP123 | ||
| 526 | _aP115 | ||
| 526 | _aP122 | ||
| 526 | _aP121 | ||
| 526 | _aP116 | ||
| 526 | _a P114 | ||
| 526 | _aP112 | ||
| 526 | _aP111 | ||
| 526 | _aP104 | ||
| 526 | _aP103 | ||
| 526 | _aP102 | ||
| 526 | _aP101 | ||
| 526 | _aP100 | ||
| 526 | _aP96 | ||
| 526 | _aP95 | ||
| 526 | _aP93 | ||
| 526 | _aP92 | ||
| 526 | _aP91 | ||
| 526 | _aP88 | ||
| 526 | _aP83 | ||
| 526 | _aP82 | ||
| 526 | _aP79 | ||
| 526 | _aP78 | ||
| 526 | _aP75 | ||
| 526 | _aP74 | ||
| 526 | _aP71 | ||
| 526 | _aP69 | ||
| 526 | _a P51 | ||
| 526 | _aP49 | ||
| 526 | _aP48 | ||
| 526 | _aP47 | ||
| 526 | _aP33 | ||
| 526 | _aP31 | ||
| 526 | _a P30 | ||
| 526 | _aP29 | ||
| 526 | _aP27 | ||
| 526 | _aP26 | ||
| 526 | _aP25 | ||
| 526 | _aP24 | ||
| 526 | _a P22 | ||
| 526 | _aP10 | ||
| 526 | _aP09 | ||
| 526 | _a P08 | ||
| 526 | _aP06 | ||
| 526 | _aP05 | ||
| 526 | _aP04 | ||
| 526 | _aP01 | ||
| 541 | _g001-000033; | ||
| 541 |
_g001-000095; _50; |
||
| 541 | _g001-000243; | ||
| 514 |
_cCompra; _h25; _fEnfermería; _eFJ09884. |
||
| 650 | 0 | 4 | _aAncianos Psicología. |
| 650 | 0 | 4 | _aGeriatría. |
| 650 | 0 | 4 | _aNutrición de ancianos. |
| 700 | 1 |
_aGutiérrez Robledo, Luis Miguel, _eeditor. |
|
| 910 |
_bjv _cng _d20120708 |
||
| 942 |
_2ddc _cBOOK |
||
| 949 |
_a618.97 G3 _wDEWEY _c1 _i62125 _lCCODEBUL1 _mBUL _p25.00 _r0 _sY _tBOOK _u2015-7-6 _xSALUD _PP22 _0COMPRA _o.STAFF. Colección Ciencias de la Salud |
||
| 949 |
_a618.97 G3 _wDEWEY _c2 _i62124 _lCCODEBUL1 _mBUL _p25.00 _r0 _sY _tBOOK _u2015-7-6 _xSALUD _PP22 _0COMPRA _o.STAFF. Colección Ciencias de la Salud |
||
| 949 |
_a618.97 G3 _wDEWEY _c3 _i65095 _d2015-9-30 _e2015-9-30 _lCCODEBUL1 _mBUL _n1 _p38.00 _r0 _sY _tBOOK _u2015-7-6 _xSALUD _PP22 _0COMPRA _o.STAFF. Colección Ciencias de la Salud |
||
| 949 |
_a618.97 G3 _wDEWEY _c4 _i65096 _lCCODEBUL1 _mBUL _p38.00 _r0 _sY _tBOOK _u2015-7-6 _xSALUD _PP22 _0COMPRA _o.STAFF. Colección Ciencias de la Salud |
||
| 949 |
_a618.97 G3 _wDEWEY _c5 _i67732 _lCCODEBUL1 _mBUL _p50.00 _r0 _sY _tBOOK _u2015-7-6 _xSALUD _PP31 _0COMPRA _o.STAFF. Colección Ciencias de la Salud |
||
| 949 |
_a618.97 G3 _wDEWEY _c6 _i67733 _lCCODEBUL1 _mBUL _p50.00 _r0 _sY _tBOOK _u2015-7-6 _xSALUD _PP31 _0COMPRA _o.STAFF. Colección Ciencias de la Salud |
||
| 949 |
_a618.97 G3 _wDEWEY _c7 _i67734 _d2016-1-28 _e2016-1-27 _lCCODEBUL1 _mBUL _n2 _p50.00 _r0 _sY _tBOOK _u2015-7-6 _xSALUD _PP31 _0COMPRA _o.STAFF. Colección Ciencias de la Salud |
||
| 949 |
_a618.97 G96 2010 _wDEWEY _c1 _iFJ09884 _lCCODEBUJ1 _mBUJ _p25.00 _r0 _sY _tBOOK _u2015-9-9 _xSALUD _PP22 _0COMPRA _o.STAFF. Colección General Juliaca |
||
| 994 |
_aC0 _bPEPRU |
||
| 596 | _a1 3 | ||
| 999 |
_a618.97 G3 _wDEWEY _c51213 _i62125 _f2021-11-4 _g5 _lCCODEBUL1 _mBUL _p25.00 _r0 _sY _tBOOK _u2015-7-6 _xSALUD _zP22 _0COMPRA _o.STAFF. Colección Ciencias de la Salud _d51213 |
||
| 999 |
_a618.97 G3 _wDEWEY _c2 _i62124 _d2019-5-16 _e2019-5-13 _f2021-11-4 _g5 _lCCODEBUL1 _mBUL _n1 _p25.00 _q1 _r0 _sY _tBOOK _u2015-7-6 _xSALUD _zP22 _0COMPRA _o.STAFF. Colección Ciencias de la Salud |
||
| 999 |
_a618.97 G3 _wDEWEY _c3 _i65095 _d2018-6-13 _e2018-6-12 _f2021-11-4 _g5 _lCCODEBUL1 _mBUL _n2 _p38.00 _r0 _sY _tBOOK _u2015-7-6 _xSALUD _zP22 _0COMPRA _o.STAFF. Colección Ciencias de la Salud |
||
| 999 |
_a618.97 G3 _wDEWEY _c4 _i65096 _d2018-6-11 _f2021-11-4 _g5 _lCCODEBUL1 _mBUL _p38.00 _q1 _r0 _sY _tBOOK _u2015-7-6 _xSALUD _zP22 _0COMPRA _o.STAFF. Colección Ciencias de la Salud |
||
| 999 |
_a618.97 G3 _wDEWEY _c5 _i67732 _d2017-10-17 _e2017-10-13 _f2021-11-4 _g6 _lCCODEBUL1 _mBUL _n1 _p50.00 _r0 _sY _tBOOK _u2015-7-6 _xSALUD _zP31 _0COMPRA _o.STAFF. Colección Ciencias de la Salud |
||
| 999 |
_a618.97 G3 _wDEWEY _c6 _i67733 _d2018-5-13 _f2022-3-1 _g5 _lCCODEBUL1 _mBUL _p50.00 _q1 _r0 _sY _tBOOK _u2015-7-6 _xSALUD _zP31 _0COMPRA _o.STAFF. Colección Ciencias de la Salud |
||
| 999 |
_a618.97 G3 _wDEWEY _c7 _i67734 _d2018-5-9 _e2016-1-27 _f2021-11-4 _g6 _lCCODEBUL1 _mBUL _n2 _p50.00 _q1 _r0 _sY _tBOOK _u2015-7-6 _xSALUD _zP31 _0COMPRA _o.STAFF. Colección Ciencias de la Salud |
||
| 999 |
_a618.97 G96 2010 _wDEWEY _c1 _iFJ09884 _e2017-4-26 _lCCODEBUJ1 _mBUJ _n1 _p25.00 _r0 _sY _tBOOK _u2015-9-9 _xSALUD _PP22 _0COMPRA _o.STAFF. Colección General Juliaca |
||
| 980 |
_81 _gALBERTO SANCHEZ Responsable de Automatización |
||